Devinez le parcours de ces joueurs de foot N°10 - Statistiques

Statistiques générales
  • Ce quiz a été pris 2 256 fois
    2 217 depuis la dernière actualisation
  • Le résultat moyen est 8 sur 12
Statistiques - réponses
Par images Réponse % Correct
Pavard
87%
Junior
84%
Pogba
84%
Oblak
75%
Rami
73%
Mendy
67%
Lafont
63%
Giggs
62%
Torres
61%
Hagi
59%
Botman
53%
Rice
50%
Aucun quiz correspondant
Distribution des résultats
% des personnes avec chaque résultat
Percentile par nombre de réponses
Votre historique - résultats
Vous n’avez pas pris ce quiz depuis la dernière actualisation